00888nam a2200205 a 4500003000200000005001700002008004100019050002900060100002800089245011900117260009000236300002300326504004100349650004500390650004400435650004300479942001400522999001700536952012900553020250314105502.0080923s19uu xx 00 eng d aPHS HQ 755.8b.R175 2008 aRamos, Krischan Hope C. aThe Impact of parental absence on the emotional state of selected upper school students /cKrischan Hope C. Ramos. aLas Piñas City, Philippines :bSouthville International School and Colleges,c2008. a38 pages ;c28 cm. aIncludes bibliographical references. aParental absencexPsychological aspects. aChildren of single parentsxPsychology. aEmotional intelligence in adolescence. 2lcccPASS c98112d98112 00102lcc40aLUXbLUXcPASSd2008-09-23eDONATIONl0oPHS HQ 755.8 .R175 2008pP2209r2014-04-08 00:00:00w2014-04-08yPASS